<?xml version="1.0" encoding="UTF-8"?>
<record
    xmlns:xsi="http://www.w3.org/2001/XMLSchema-instance"
    xsi:schemaLocation="http://www.loc.gov/MARC21/slim http://www.loc.gov/standards/marcxml/schema/MARC21slim.xsd"
    xmlns="http://www.loc.gov/MARC21/slim">

  <leader>00629nam a22001937a 4500</leader>
  <controlfield tag="005">20250926124342.0</controlfield>
  <controlfield tag="008">250926b        |||||||| |||| 00| 0 eng d</controlfield>
  <datafield tag="020" ind1=" " ind2=" ">
    <subfield code="a">0485113236</subfield>
    <subfield code="q">Athlone Press, part 2</subfield>
  </datafield>
  <datafield tag="020" ind1=" " ind2=" ">
    <subfield code="a">9798123905142</subfield>
    <subfield code="q"> CBS, part 2</subfield>
  </datafield>
  <datafield tag="050" ind1=" " ind2=" ">
    <subfield code="a">RS403</subfield>
    <subfield code="b">.B43</subfield>
  </datafield>
  <datafield tag="245" ind1=" " ind2=" ">
    <subfield code="a">Practical Pharmaceutical Chemistry/</subfield>
    <subfield code="c">edited by A. H. Beckett &amp; J. B. Stenlake</subfield>
  </datafield>
  <datafield tag="250" ind1=" " ind2=" ">
    <subfield code="a">4th ed.</subfield>
  </datafield>
  <datafield tag="260" ind1=" " ind2=" ">
    <subfield code="a">London</subfield>
    <subfield code="a">New Delhi</subfield>
    <subfield code="b">The Athlone Press</subfield>
    <subfield code="b">CBS Publishers &amp; Distributors</subfield>
    <subfield code="c">1988</subfield>
    <subfield code="c">2005</subfield>
  </datafield>
  <datafield tag="300" ind1=" " ind2=" ">
    <subfield code="a">602p.</subfield>
    <subfield code="b">ill.</subfield>
  </datafield>
  <datafield tag="500" ind1=" " ind2=" ">
    <subfield code="a">includes index</subfield>
  </datafield>
  <datafield tag="700" ind1=" " ind2=" ">
    <subfield code="a">Beckett, A. H.</subfield>
  </datafield>
  <datafield tag="700" ind1=" " ind2=" ">
    <subfield code="a">Stenlake, J. B.</subfield>
  </datafield>
  <datafield tag="942" ind1=" " ind2=" ">
    <subfield code="2">lcc</subfield>
    <subfield code="c">BK</subfield>
    <subfield code="e">4th ed.</subfield>
    <subfield code="n">0</subfield>
  </datafield>
  <datafield tag="999" ind1=" " ind2=" ">
    <subfield code="c">7756</subfield>
    <subfield code="d">7756</subfield>
  </datafield>
  <datafield tag="952" ind1=" " ind2=" ">
    <subfield code="0">0</subfield>
    <subfield code="1">0</subfield>
    <subfield code="2">lcc</subfield>
    <subfield code="4">0</subfield>
    <subfield code="7">0</subfield>
    <subfield code="8">NFIC</subfield>
    <subfield code="a">MSL</subfield>
    <subfield code="b">MSL</subfield>
    <subfield code="c">GEN</subfield>
    <subfield code="d">2025-09-26</subfield>
    <subfield code="l">0</subfield>
    <subfield code="o">RS403 .B43 PRA</subfield>
    <subfield code="p">SLM00004498</subfield>
    <subfield code="r">2025-09-26 12:46:39</subfield>
    <subfield code="t">1</subfield>
    <subfield code="w">2025-09-26</subfield>
    <subfield code="y">BK</subfield>
  </datafield>
  <datafield tag="952" ind1=" " ind2=" ">
    <subfield code="0">0</subfield>
    <subfield code="1">0</subfield>
    <subfield code="2">lcc</subfield>
    <subfield code="4">0</subfield>
    <subfield code="7">0</subfield>
    <subfield code="8">NFIC</subfield>
    <subfield code="a">MSL</subfield>
    <subfield code="b">MSL</subfield>
    <subfield code="c">GEN</subfield>
    <subfield code="d">2025-09-26</subfield>
    <subfield code="l">0</subfield>
    <subfield code="o">RS403 .B43 PRA</subfield>
    <subfield code="p">SLM00004499</subfield>
    <subfield code="r">2025-09-26 12:46:39</subfield>
    <subfield code="t">2</subfield>
    <subfield code="w">2025-09-26</subfield>
    <subfield code="y">BK</subfield>
  </datafield>
  <datafield tag="952" ind1=" " ind2=" ">
    <subfield code="0">0</subfield>
    <subfield code="1">0</subfield>
    <subfield code="2">lcc</subfield>
    <subfield code="4">0</subfield>
    <subfield code="7">0</subfield>
    <subfield code="8">NFIC</subfield>
    <subfield code="a">MSL</subfield>
    <subfield code="b">MSL</subfield>
    <subfield code="c">GEN</subfield>
    <subfield code="d">2025-09-26</subfield>
    <subfield code="l">0</subfield>
    <subfield code="o">RS403 .B43 PRA</subfield>
    <subfield code="p">SLM00004500</subfield>
    <subfield code="r">2025-09-26 12:46:39</subfield>
    <subfield code="t">3</subfield>
    <subfield code="w">2025-09-26</subfield>
    <subfield code="y">BK</subfield>
  </datafield>
  <datafield tag="952" ind1=" " ind2=" ">
    <subfield code="0">0</subfield>
    <subfield code="1">0</subfield>
    <subfield code="2">lcc</subfield>
    <subfield code="4">0</subfield>
    <subfield code="7">0</subfield>
    <subfield code="8">NFIC</subfield>
    <subfield code="a">MSL</subfield>
    <subfield code="b">MSL</subfield>
    <subfield code="c">GEN</subfield>
    <subfield code="d">2025-09-26</subfield>
    <subfield code="l">0</subfield>
    <subfield code="o">RS403 .B43 PRA</subfield>
    <subfield code="p">SLM00004501</subfield>
    <subfield code="r">2025-09-26 12:46:39</subfield>
    <subfield code="t">4</subfield>
    <subfield code="w">2025-09-26</subfield>
    <subfield code="y">BK</subfield>
  </datafield>
  <datafield tag="952" ind1=" " ind2=" ">
    <subfield code="0">0</subfield>
    <subfield code="1">0</subfield>
    <subfield code="2">lcc</subfield>
    <subfield code="4">0</subfield>
    <subfield code="7">0</subfield>
    <subfield code="8">NFIC</subfield>
    <subfield code="a">MSL</subfield>
    <subfield code="b">MSL</subfield>
    <subfield code="c">GEN</subfield>
    <subfield code="d">2025-09-26</subfield>
    <subfield code="l">0</subfield>
    <subfield code="o">RS403 .B43 PRA</subfield>
    <subfield code="p">SLM00004502</subfield>
    <subfield code="r">2025-09-26 12:46:39</subfield>
    <subfield code="t">5</subfield>
    <subfield code="w">2025-09-26</subfield>
    <subfield code="y">BK</subfield>
  </datafield>
  <datafield tag="952" ind1=" " ind2=" ">
    <subfield code="0">0</subfield>
    <subfield code="1">0</subfield>
    <subfield code="2">lcc</subfield>
    <subfield code="4">0</subfield>
    <subfield code="7">0</subfield>
    <subfield code="8">NFIC</subfield>
    <subfield code="a">MSL</subfield>
    <subfield code="b">MSL</subfield>
    <subfield code="c">GEN</subfield>
    <subfield code="d">2025-09-26</subfield>
    <subfield code="l">0</subfield>
    <subfield code="o">RS403 .B43 PRA</subfield>
    <subfield code="p">SLM00004503</subfield>
    <subfield code="r">2025-09-26 12:46:39</subfield>
    <subfield code="t">6</subfield>
    <subfield code="w">2025-09-26</subfield>
    <subfield code="y">BK</subfield>
  </datafield>
  <datafield tag="952" ind1=" " ind2=" ">
    <subfield code="0">0</subfield>
    <subfield code="1">0</subfield>
    <subfield code="2">lcc</subfield>
    <subfield code="4">0</subfield>
    <subfield code="7">0</subfield>
    <subfield code="8">NFIC</subfield>
    <subfield code="a">MSL</subfield>
    <subfield code="b">MSL</subfield>
    <subfield code="c">GEN</subfield>
    <subfield code="d">2025-09-26</subfield>
    <subfield code="l">0</subfield>
    <subfield code="o">RS403 .B43 PRA</subfield>
    <subfield code="p">SLM00004504</subfield>
    <subfield code="r">2025-09-26 12:46:39</subfield>
    <subfield code="t">7</subfield>
    <subfield code="w">2025-09-26</subfield>
    <subfield code="y">BK</subfield>
  </datafield>
  <datafield tag="952" ind1=" " ind2=" ">
    <subfield code="0">0</subfield>
    <subfield code="1">0</subfield>
    <subfield code="2">lcc</subfield>
    <subfield code="4">0</subfield>
    <subfield code="7">0</subfield>
    <subfield code="8">NFIC</subfield>
    <subfield code="a">MSL</subfield>
    <subfield code="b">MSL</subfield>
    <subfield code="c">GEN</subfield>
    <subfield code="d">2025-09-26</subfield>
    <subfield code="l">0</subfield>
    <subfield code="o">RS403 .B43 PRA</subfield>
    <subfield code="p">SLM00004505</subfield>
    <subfield code="r">2025-09-26 12:46:39</subfield>
    <subfield code="t">8</subfield>
    <subfield code="w">2025-09-26</subfield>
    <subfield code="y">BK</subfield>
  </datafield>
</record>
